000 00753nam a2200217Ia 4500
003 GCL
008 140319s9999 xx 000 0 ara d
040 _aGCL /
_cGCL
082 0 4 _a863.03
_bم ا
100 1 _aمحمود على مراد
245 1 0 _aالام الكبيرة /
_cمحمود على مراد
700 1 _aماركيز ، جابرييل جارسيا
260 _aالقاهرة :
_bالدار المصرية اللبنانية ،
_c1984
300 _a229 ص ؛
_c21 سم
490 _aروايات جائزة نوبل
_v3
650 0 4 _aالادب
650 0 4 _aالادب الاسبانى
650 0 4 _aالقصص الاسبانية المترجمة
650 0 4 _aالقصص الاسبانية القصيرة
942 _2ddc
_cBK
999 _c40356
_d40356